000 00959nam a22003017a 4500
003 CHAP
005 20220817042908.0
008 971013s1977 r 00010 d
010 _a59186
011 _a60158
035 _a64318
040 _cCHAP
090 _aFolleto 11629
110 _aPrograma de las Naciones Unidas para el Medio Ambiente
_992307
245 _aResidue utilization management of agricultural and agro-industrial residues an overview
260 _aParis :
_bUNEP,
_c1977
300 _a24 p.
590 _aBATCH-UPD
_b10
_c20130110
_lUCH01
_h1657
590 _aBATCH-UPD
_b10
_c20130410
_lUCH01
_h1046
590 _aBATCH-UPD
_b10
_c20130914
_lUCH01
_h1354
590 _aCONVERSION
_b10
_c20130109
_lUCH01
_h1332
650 1 4 _aProductos agrícolas
_xSubproductos.
_992033
650 1 4 _aResíduos industriales.
_996147
710 0 _aFAO.
901 _aBK
942 _cFOLL
949 _aFolleto 11629
_bBC
_cFOLL
_d-140080
_eTS1
_i64318
_mD
_si
999 _c59186
_d59186